| 000 -LEADER |
| fixed length control field |
00785nam a2200253 a 4500 |
| 001 - CONTROL NUMBER |
| control field |
20327 |
| 003 - CONTROL NUMBER IDENTIFIER |
| control field |
BD-DhUAP |
| 005 - DATE AND TIME OF LATEST TRANSACTION |
| control field |
20201221164353.0 |
| 008 - FIXED-LENGTH DATA ELEMENTS--GENERAL INFORMATION |
| fixed length control field |
201221r20162013ii a b 001 0 eng d |
| 020 ## - INTERNATIONAL STANDARD BOOK NUMBER |
| International Standard Book Number |
9788126553785 |
| 040 ## - CATALOGING SOURCE |
| Original cataloging agency |
DLC |
| Transcribing agency |
DLC |
| Modifying agency |
DLC |
| -- |
BD-DhUAP |
| Language of cataloging |
eng |
| 082 00 - DEWEY DECIMAL CLASSIFICATION NUMBER |
| Classification number |
658.3 DEC |
| Edition number |
23 |
| 100 ## - MAIN ENTRY--PERSONAL NAME |
| Personal name |
Decenzo, David A. |
| 245 ## - TITLE STATEMENT |
| Title |
Human resource management : |
| Remainder of title |
international student version / |
| Statement of responsibility, etc. |
David A. Decenzo, Stephen P. Robbins and Susan L. Verhulst. |
| 250 ## - EDITION STATEMENT |
| Edition statement |
11th ed. |
| 260 ## - PUBLICATION, DISTRIBUTION, ETC. |
| Place of publication, distribution, etc. |
Delhi : |
| Name of publisher, distributor, etc. |
Wiley, |
| Date of publication, distribution, etc. |
c2013 [Reprinted 2016]. |
| 300 ## - PHYSICAL DESCRIPTION |
| Extent |
xxi, 424 pages : |
| Other physical details |
illustrations ; |
| Dimensions |
28 cm. |
| 504 ## - BIBLIOGRAPHY, ETC. NOTE |
| Bibliography, etc. note |
Includes index. |
| 650 ## - SUBJECT ADDED ENTRY--TOPICAL TERM |
| Topical term or geographic name entry element |
Personnel management. |
| 700 ## - ADDED ENTRY--PERSONAL NAME |
| Personal name |
Robbins, Stephen P. |
| 700 ## - ADDED ENTRY--PERSONAL NAME |
| Personal name |
Verhulst, Susan L. |
| 942 00 - ADDED ENTRY ELEMENTS (KOHA) |
| Source of classification or shelving scheme |
|
| Koha item type |
Book |